[Event "Aut_chT_0910"]
[Site "Baden"]
[Date "2010.03.27"]
[Round "8"]
[Board "5"]
[White "Volkmann, Friedrich Karl"]
[Black "Kuba, Guenter"]
[Result "1-0"]
[WhiteElo "2404"]
[BlackElo "2395"]
[PlyCount "63"]
[EventDate "2009.11.06"]
[EventType "team"]
[EventRounds "11"]
[EventCountry "AUT"]
[WhiteTeam "ASVOE Wulkaprodersdorf"]
[BlackTeam "SK Sparkasse Fuerstenfeld"]

1.d4 d5 2.c4 e6 3.Nc3 Nf6 4.Bg5 Be7 5.e3 O-O 6.Nf3 h6 7.Bh4 b6 8.Qc2 Bb7 9.Bxf6
Bxf6 10.cxd5 exd5 11.O-O-O Nd7 12.h4 Re8 13.g4 g6 14.g5 hxg5 15.hxg5 Bg7 16.Kb1
c5 17.Rh4 Nf8 18.dxc5 Rc8 19.cxb6 Qxb6 20.Nd4 Ne6 21.Bh3 Nxd4 22.exd4 Rc4 23.Qd2
a5 24.Bf1 Rcc8 25.Bg2 Qd6 26.Qf4 Qd7 27.Bh3 Qc6 28.Bxc8 Bxc8 29.Ka1 a4 30.a3 Ba6
31.Rdh1 Re6 32.Nxd5

[Event "Aut_chT_0910"]
[Site "Baden"]
[Date "2010.03.27"]
[Round "8"]
[Board "1"]
[White "Varga, Zoltan"]
[Black "Ragger, Markus"]
[Result "1/2-1/2"]
[WhiteElo "2485"]
[BlackElo "2568"]
[PlyCount "157"]
[EventDate "2009.11.06"]
[EventType "team"]
[EventRounds "11"]
[EventCountry "AUT"]
[WhiteTeam "ASVOE SK Lackenbach"]
[BlackTeam "SK Kl.Ztg.MPOE Maria Saal"]

1.c4 e6 2.e4 d5 3.exd5 exd5 4.d4 Nf6 5.Nf3 Bb4+ 6.Bd2 Bxd2+ 7.Nbxd2 O-O 8.Be2
Nc6 9.c5 Ne4 10.O-O Qf6 11.Nb3 Bg4 12.Ne5 Bxe2 13.Qxe2 Nxd4 14.Nxd4 Qxe5 15.Rad1
Qf6 16.Qb5 Rfb8 17.f3 Ng5 18.c6 bxc6 19.Qxc6 Ne6 20.b3 Nxd4 21.Qxf6 Ne2+ 22.Kf2
gxf6 23.Kxe2 Rb5 24.Rc1 c5 25.Rc2 Kf8 26.Rfc1 Rc8 27.Rd1 c4 28.Rd4 Re8+ 29.Kf2
cxb3 30.axb3 Re5 31.b4 a5 32.bxa5 Rxa5 33.h4 Ke7 34.Rc7+ Ke6 35.Rc6+ Kf5 36.Kg3
Re6 37.Rc7 h5 38.Rxf7 Kg6 39.Rf8 Ra2 40.Rxd5 Ree2 41.Kh3 Rad2 42.Rg8+ Kf7
43.Rgd8 Rxd5 44.Rxd5 Kg6 45.g4 hxg4+ 46.fxg4 Re3+ 47.Kg2 Ra3 48.Rf5 Ra1 49.Rf3
Rb1 50.Kg3 Ra1 51.Re3 Rg1+ 52.Kf4 Rf1+ 53.Rf3 Ra1 54.Rd3 Rf1+ 55.Kg3 Rg1+ 56.Kf3
Rf1+ 57.Kg2 Ra1 58.Rb3 Rc1 59.Rf3 Rb1 60.Rf5 Ra1 61.Rd5 Ra3 62.h5+ Kh6 63.Rd7
Ra2+ 64.Kf3 Ra1 65.Rf7 Rf1+ 66.Ke4 Rf2 67.Ke3 Rf1 68.Rd7 Rg1 69.Kf4 Rf1+ 70.Ke4
Rg1 71.Kf3 Rf1+ 72.Kg2 Rf4 73.Kg3 Rf1 74.Rf7 Kg5 75.Rg7+ Kh6 76.Rg8 Kh7 77.Rg6
Kh8 78.g5 fxg5 79.Rxg5

[Event "Aut_chT_0910"]
[Site "Baden"]
[Date "2010.03.27"]
[Round "8"]
[Board "3"]
[White "Bokros, Albert"]
[Black "Buhmann, Rainer"]
[Result "1/2-1/2"]
[WhiteElo "2479"]
[BlackElo "2591"]
[PlyCount "65"]
[EventDate "2009.11.06"]
[EventType "team"]
[EventRounds "11"]
[EventCountry "AUT"]
[WhiteTeam "ASVOE SK Lackenbach"]
[BlackTeam "SK Kl.Ztg.MPOE Maria Saal"]

1.e4 e5 2.Nf3 Nc6 3.Bb5 Nf6 4.d4 Nxd4 5.Nxd4 c6 6.Be2 exd4 7.Qxd4 d5 8.exd5 Qxd5
9.Qe3+ Be6 10.O-O Bc5 11.Qg3 Ne4 12.Qf3 O-O-O 13.Nc3 Nxc3 14.Qxc3 Rhe8 15.Be3
Bxe3 16.fxe3 Qd2 17.Qxd2 Rxd2 18.Bd3 h6 19.Rf2 Rxf2 20.Kxf2 Kc7 21.a3 Bd5 22.Rd1
Re5 23.Be2 Rf5+ 24.Bf3 Be6 25.c3 g5 26.Kg3 Rb5 27.Rd2 Re5 28.e4 c5 29.h4 Bd7
30.hxg5 hxg5 31.Bg4 Bc6 32.Rf2 Be8 33.Bh5

[Event "Aut_chT_0910"]
[Site "Baden"]
[Date "2010.03.27"]
[Round "8"]
[Board "4"]
[White "Kreisl, Robert"]
[Black "Hagara, Eduard"]
[Result "1/2-1/2"]
[WhiteElo "2389"]
[BlackElo "2383"]
[PlyCount "42"]
[EventDate "2009.11.06"]
[EventType "team"]
[EventRounds "11"]
[EventCountry "AUT"]
[WhiteTeam "SK Kl.Ztg.MPOE Maria Saal"]
[BlackTeam "ASVOE SK Lackenbach"]

1.e4 c5 2.Nf3 Nc6 3.d4 cxd4 4.Nxd4 Nf6 5.Nc3 e5 6.Ndb5 d6 7.Bg5 a6 8.Na3 b5
9.Nd5 Be7 10.Bxf6 Bxf6 11.c4 b4 12.Nc2 Rb8 13.b3 O-O 14.Be2 Bg5 15.O-O Be6
16.Qd3 g6 17.Rfd1 Kh8 18.Nde3 Qb6 19.Nd5 Qd8 20.Nde3 Qb6 21.Nd5 Qd8

[Event "Aut_chT_0910"]
[Site "Baden"]
[Date "2010.03.27"]
[Round "8"]
[Board "5"]
[White "Ranits, Franz"]
[Black "Schachinger, Mario"]
[Result "0-1"]
[WhiteElo "2164"]
[BlackElo "2350"]
[PlyCount "42"]
[EventDate "2009.11.06"]
[EventType "team"]
[EventRounds "11"]
[EventCountry "AUT"]
[WhiteTeam "ASVOE SK Lackenbach"]
[BlackTeam "SK Kl.Ztg.MPOE Maria Saal"]

1.e4 e5 2.Nf3 Nc6 3.Bc4 Bc5 4.b4 Bxb4 5.c3 Ba5 6.d4 exd4 7.O-O Nge7 8.Ng5 d5
9.exd5 Ne5 10.Bb3 O-O 11.Nxh7 Kxh7 12.Qh5+ Kg8 13.Qxe5 Bb6 14.Ba3 Ng6 15.Qg3 Re8
16.cxd4 Bxd4 17.Nc3 Be5 18.Qf3 Nh4 19.Qd3 Bf5 20.Qd2 Nf3+ 21.gxf3 Qh4

[Event "Aut_chT_0910"]
[Site "Baden"]
[Date "2010.03.27"]
[Round "8"]
[Board "6"]
[White "Reschun, Sascha"]
[Black "Stranz, Richard"]
[Result "1/2-1/2"]
[WhiteElo "2237"]
[BlackElo "2214"]
[PlyCount "54"]
[EventDate "2009.11.06"]
[EventType "team"]
[EventRounds "11"]
[EventCountry "AUT"]
[WhiteTeam "SK Kl.Ztg.MPOE Maria Saal"]
[BlackTeam "ASVOE SK Lackenbach"]

1.e4 c5 2.Nf3 Nc6 3.d4 cxd4 4.Nxd4 Nf6 5.Nc3 e5 6.Ndb5 d6 7.Na3 Be6 8.Bg5 Rc8
9.Nc4 Nd4 10.Ne3 Qa5 11.Bd3 Be7 12.Bxf6 Bxf6 13.O-O O-O 14.Ncd5 Qd8 15.c3 Nc6
16.Bc2 Bg5 17.Qd3 Bxe3 18.Nxe3 Qb6 19.Nd5 Qa6 20.Qxa6 bxa6 21.Rfd1 Rfd8 22.Bb3
Kf8 23.Bc4 a5 24.Ne3 Bd7 25.Nd5 Be6 26.Ne3 Bd7 27.Nd5 Be6

[Event "Aut_chT_0910"]
[Site "Baden"]
[Date "2010.03.27"]
[Round "8"]
[Board "2"]
[White "Maiwald, Jens-Uwe"]
[Black "Nanu, Ciprian Costica"]
[Result "0-1"]
[WhiteElo "2474"]
[BlackElo "2506"]
[PlyCount "56"]
[EventDate "2009.11.06"]
[EventType "team"]
[EventRounds "11"]
[EventCountry "AUT"]
[WhiteTeam "Mayrhofen/Zillertal"]
[BlackTeam "Styria Graz"]

1.e4 c5 2.Nf3 Nc6 3.d3 g6 4.g3 Bg7 5.Bg2 Nf6 6.O-O d5 7.Nbd2 O-O 8.c3 dxe4
9.dxe4 h6 10.Qe2 Qb6 11.Re1 Be6 12.Bf1 Na5 13.Ne5 Qc7 14.Nec4 Nxc4 15.Nxc4 b5
16.Bf4 Qc8 17.Nd2 a6 18.a4 c4 19.Ra3 Nd7 20.Rea1 g5 21.Be3 b4 22.cxb4 Bxb2
23.Nxc4 Bxa3 24.Rxa3 Rb8 25.Qh5 Bxc4 26.Qxh6 Ne5 27.Bd4 Qc6 28.Qxg5+ Ng6

[Event "Aut_chT_0910"]
[Site "Baden"]
[Date "2010.03.27"]
[Round "8"]
[Board "4"]
[White "Gross, David"]
[Black "Ruck, Robert"]
[Result "0-1"]
[WhiteElo "2465"]
[BlackElo "2570"]
[PlyCount "80"]
[EventDate "2009.11.06"]
[EventType "team"]
[EventRounds "11"]
[EventCountry "AUT"]
[WhiteTeam "Mayrhofen/Zillertal"]
[BlackTeam "Styria Graz"]

1.e4 c6 2.d4 d5 3.e5 Bf5 4.Nf3 e6 5.Be2 Ne7 6.O-O Nd7 7.Nbd2 h6 8.Nb3 Bh7 9.a4
Ng6 10.Be3 Be7 11.g3 O-O 12.Ne1 c5 13.f4 cxd4 14.Bxd4 Qc7 15.h4 Rfc8 16.h5 Ngf8
17.c3 Nc5 18.Nxc5 Bxc5 19.Nf3 Nd7 20.Bd3 Bxd3 21.Qxd3 Bxd4+ 22.Nxd4 Nc5 23.Qe2
Ne4 24.Kg2 Qe7 25.Nf3 Rc4 26.Rfd1 Rac8 27.Nd2 Nxd2 28.Rxd2 Qc7 29.Qd1 Qb6 30.Ra3
R8c5 31.Kh3 a6 32.Qb3 Qc6 33.Qd1 Re4 34.Ra1 Rcc4 35.a5 Ra4 36.Rxa4 Rxa4 37.f5
Re4 38.f6 Rxe5 39.fxg7 Qc7 40.Qa4 Rxh5+

[Event "Aut_chT_0910"]
[Site "Baden"]
[Date "2010.03.27"]
[Round "8"]
[Board "6"]
[White "Tabernig, Bernhard"]
[Black "Wittmann, Walter"]
[Result "1/2-1/2"]
[WhiteElo "2293"]
[BlackElo "2294"]
[PlyCount "84"]
[EventDate "2009.11.06"]
[EventType "team"]
[EventRounds "11"]
[EventCountry "AUT"]
[WhiteTeam "Mayrhofen/Zillertal"]
[BlackTeam "Styria Graz"]

1.d4 d5 2.c4 e6 3.Nf3 Nf6 4.g3 dxc4 5.Bg2 a6 6.O-O Nc6 7.Nc3 Rb8 8.e4 Be7 9.d5
Nb4 10.Ne5 exd5 11.exd5 Bf5 12.a3 Nd3 13.Nxc4 Nxc1 14.Rxc1 O-O 15.b4 Bd6 16.Re1
Re8 17.Rxe8+ Qxe8 18.Qd2 Qd7 19.Re1 Re8 20.Rxe8+ Qxe8 21.h3 Kf8 22.g4 Bg6 23.Qe3
Qxe3 24.fxe3 Bd3 25.Nxd6 cxd6 26.e4 Nd7 27.Kf2 Ne5 28.Ke3 g5 29.a4 b6 30.Nd1 a5
31.b5 Bc4 32.Nb2 Ke7 33.Kd2 Kf6 34.Ke3 Kg6 35.Kd2 h5 36.Kc3 Be2 37.Kd2 Bf3
38.Bxf3 Nxf3+ 39.Kc3 hxg4 40.hxg4 Ne5 41.Nc4 Nxc4 42.Kxc4 f6

[Event "Aut_chT_0910"]
[Site "Baden"]
[Date "2010.03.27"]
[Round "8"]
[Board "2"]
[White "Socko, Bartosz"]
[Black "Gyimesi, Zoltan"]
[Result "1/2-1/2"]
[WhiteElo "2643"]
[BlackElo "2586"]
[PlyCount "68"]
[EventDate "2009.11.06"]
[EventType "team"]
[EventRounds "11"]
[EventCountry "AUT"]
[WhiteTeam "SK Advisory Invest Baden"]
[BlackTeam "Sparkasse Jenbach"]

1.e4 e5 2.Nf3 Nc6 3.Bc4 Bc5 4.c3 Nf6 5.d4 exd4 6.e5 d5 7.Bb5 Ne4 8.cxd4 Bb6
9.Nc3 O-O 10.Be3 Bg4 11.Qc2 Bf5 12.Qb3 Ne7 13.O-O c6 14.Be2 f6 15.Na4 Ng6
16.exf6 Rxf6 17.Nxb6 Qxb6 18.Qxb6 axb6 19.a4 Bg4 20.h3 Bxf3 21.Bxf3 Nd6 22.b3
Nf4 23.Bg4 Ne6 24.Rfe1 Nf5 25.Rad1 Kf7 26.Rd3 Re8 27.Ra1 Nxe3 28.fxe3 Ng5 29.Rf1
Ne4 30.Rxf6+ Kxf6 31.Rd1 Nd6 32.Kf2 Ra8 33.Be2 Ra5 34.Kf3 Ra8

[Event "Aut_chT_0910"]
[Site "Baden"]
[Date "2010.03.27"]
[Round "8"]
[Board "3"]
[White "Schlosser, Philipp"]
[Black "Balogh, Csaba"]
[Result "1/2-1/2"]
[WhiteElo "2557"]
[BlackElo "2619"]
[PlyCount "61"]
[EventDate "2009.11.06"]
[EventType "team"]
[EventRounds "11"]
[EventCountry "AUT"]
[WhiteTeam "Sparkasse Jenbach"]
[BlackTeam "SK Advisory Invest Baden"]

1.d4 d5 2.c4 c6 3.Nf3 Nf6 4.e3 Bf5 5.Nc3 e6 6.Nh4 Be4 7.f3 Bg6 8.Qb3 Qc7 9.Bd2
Be7 10.O-O-O dxc4 11.Qxc4 Nbd7 12.g4 Nd5 13.Nxg6 hxg6 14.f4 g5 15.Bg2 N7b6
16.Nxd5 Nxd5 17.f5 Rxh2 18.fxe6 fxe6 19.Bf3 Rxh1 20.Rxh1 O-O-O 21.Rh7 Qg3 22.Bd1
Bf8 23.a3 Kb8 24.Rh8 Rc8 25.Qf1 Nf6 26.e4 c5 27.Bxg5 cxd4+ 28.Kb1 Qc7 29.Bb3 Be7
30.Rxc8+ Qxc8 31.Qf4+

[Event "Aut_chT_0910"]
[Site "Baden"]
[Date "2010.03.27"]
[Round "8"]
[Board "4"]
[White "Shengelia, Davit"]
[Black "Acs, Peter"]
[Result "1/2-1/2"]
[WhiteElo "2566"]
[BlackElo "2538"]
[PlyCount "85"]
[EventDate "2009.11.06"]
[EventType "team"]
[EventRounds "11"]
[EventCountry "AUT"]
[WhiteTeam "SK Advisory Invest Baden"]
[BlackTeam "Sparkasse Jenbach"]

1.d4 d5 2.Nf3 Nf6 3.e3 c5 4.dxc5 e6 5.a3 Bxc5 6.c4 O-O 7.Nc3 a5 8.Qc2 Nc6 9.Bd3
h6 10.O-O Qe7 11.Re1 dxc4 12.Bxc4 Bd7 13.b3 Bd6 14.Bb2 Ne5 15.Nxe5 Bxe5 16.f4
Bd6 17.Ne4 Nxe4 18.Qxe4 b5 19.Bd3 f5 20.Qf3 Rac8 21.Qe2 b4 22.axb4 Bxb4 23.Rec1
Bc6 24.Ba6 Bb7 25.Bd4 Qd7 26.Bxb7 Qxb7 27.Rc4 Rc7 28.Be5 Rd7 29.Rd1 Rfd8 30.Rxd7
Qxd7 31.Rd4 Qe7 32.Qa6 Rxd4 33.Bxd4 Kf7 34.Qc8 Qf8 35.Qd7+ Qe7 36.Qxe7+ Bxe7
37.Kf2 g6 38.Ke2 Ke8 39.Kd3 Kd7 40.Bc3 Bd8 41.Bg7 h5 42.e4 Kc6 43.exf5

[Event "Aut_chT_0910"]
[Site "Baden"]
[Date "2010.03.27"]
[Round "8"]
[Board "1"]
[White "Braun, Arik"]
[Black "Boros, Denez"]
[Result "0-1"]
[WhiteElo "2524"]
[BlackElo "2494"]
[PlyCount "48"]
[EventDate "2009.11.06"]
[EventType "team"]
[EventRounds "11"]
[EventCountry "AUT"]
[WhiteTeam "SK Hohenems"]
[BlackTeam "Husek Wien"]

1.d4 e6 2.c4 c5 3.d5 exd5 4.cxd5 d6 5.e4 g6 6.Nc3 Bg7 7.f4 a6 8.Nf3 b5 9.Bd3 Nf6
10.e5 dxe5 11.fxe5 Ng4 12.Bg5 Qb6 13.Qe2 O-O 14.d6 Bb7 15.Be7 c4 16.Be4 Bxe4
17.Nxe4 Re8 18.e6 f5 19.Nc3 Ne3 20.Kd2 f4 21.g3 b4 22.Na4 Qb5 23.gxf4 Nf5 24.Ne5
Qd5+

[Event "Aut_chT_0910"]
[Site "Baden"]
[Date "2010.03.27"]
[Round "8"]
[Board "3"]
[White "Atlas, Valery"]
[Black "Maros, Milan"]
[Result "1/2-1/2"]
[WhiteElo "2423"]
[BlackElo "2345"]
[PlyCount "84"]
[EventDate "2009.11.06"]
[EventType "team"]
[EventRounds "11"]
[EventCountry "AUT"]
[WhiteTeam "SK Hohenems"]
[BlackTeam "Husek Wien"]

1.e4 e5 2.Bc4 Nf6 3.d3 c6 4.Nf3 Be7 5.O-O d6 6.Bb3 O-O 7.Re1 Nbd7 8.c3 h6 9.Nbd2
Re8 10.d4 Bf8 11.Bc2 b6 12.Nf1 Bb7 13.Ng3 Qc7 14.Bd2 Rad8 15.Qc1 c5 16.d5 Kh7
17.h4 g6 18.h5 Bg7 19.Nh4 Bc8 20.c4 Ng8 21.a4 a5 22.Ra3 Bf6 23.hxg6+ fxg6
24.Nxg6 Kxg6 25.Nf5 Nf8 26.Bxh6 Bxf5 27.exf5+ Kf7 28.Bd1 Ke7 29.Bh5 Nh7 30.Rg3
Kd7 31.Bxe8+ Rxe8 32.Bg7 Bd8 33.Bh8 Ngf6 34.Bxf6 Bxf6 35.Qh6 Kd8 36.Rh3 Rh8
37.Qg6 Qe7 38.Re4 Nf8 39.Rxh8 Bxh8 40.Qh5 Bf6 41.f4 Qh7 42.Qxh7 Nxh7

[Event "Aut_chT_0910"]
[Site "Baden"]
[Date "2010.03.27"]
[Round "8"]
[Board "4"]
[White "Juhasz, Kristof"]
[Black "Baldauf, Marco"]
[Result "0-1"]
[WhiteElo "2252"]
[BlackElo "2373"]
[PlyCount "82"]
[EventDate "2009.11.06"]
[EventType "team"]
[EventRounds "11"]
[EventCountry "AUT"]
[WhiteTeam "Husek Wien"]
[BlackTeam "SK Hohenems"]

1.d4 Nf6 2.c4 e6 3.Nf3 a6 4.g3 c5 5.Bg2 cxd4 6.O-O Qc7 7.Nxd4 Qxc4 8.Nc3 Qc7
9.Bg5 Be7 10.Rc1 Nc6 11.Qd2 h6 12.Be3 O-O 13.Na4 Ng4 14.Nxc6 bxc6 15.Bb6 Qb7
16.Qa5 Nf6 17.Rc3 Rb8 18.b4 Nd5 19.Bxd5 exd5 20.Rfc1 Bg5 21.Rb1 d6 22.Bc7 Bf5
23.Rbb3 Bd8 24.Bxd8 Rfxd8 25.e3 Be4 26.Nb2 d4 27.exd4 Bd5 28.Ra3 Qxb4 29.Qxb4
Rxb4 30.Nd3 Rb1+ 31.Rc1 Rdb8 32.Rac3 Bxa2 33.Rxc6 Rxc1+ 34.Nxc1 Rb1 35.Kf1 d5
36.Ke2 Bc4+ 37.Kd2 Rb2+ 38.Ke3 Rc2 39.Rc8+ Kh7 40.Nd3 Bxd3 41.Rxc2 Bxc2

[Event "Aut_chT_0910"]
[Site "Baden"]
[Date "2010.03.27"]
[Round "8"]
[Board "5"]
[White "Froewis, Georg"]
[Black "Reinwald, Patrick"]
[Result "1/2-1/2"]
[WhiteElo "2281"]
[BlackElo "2096"]
[PlyCount "82"]
[EventDate "2009.11.06"]
[EventType "team"]
[EventRounds "11"]
[EventCountry "AUT"]
[WhiteTeam "SK Hohenems"]
[BlackTeam "Husek Wien"]

1.d4 Nf6 2.Nc3 d5 3.Bg5 Bf5 4.e3 Nbd7 5.Nge2 h6 6.Bf4 c6 7.Ng3 Bh7 8.Bd3 e6 9.e4
dxe4 10.Ncxe4 Nxe4 11.Bxe4 Bxe4 12.Nxe4 Nf6 13.Nxf6+ Qxf6 14.Qd2 Rd8 15.O-O-O
Bd6 16.Be3 O-O 17.g4 c5 18.g5 hxg5 19.Bxg5 Qf5 20.Kb1 f6 21.Be3 Be5 22.Qc3 cxd4
23.Bxd4 Bxd4 24.Rxd4 Qxf2 25.Re4 Rd6 26.Rc4 Qxh2 27.Rc1 Rfd8 28.a4 Qd2 29.Qf3
Qd5 30.Qc3 Rc6 31.Rxc6 Qxc6 32.Qh3 Rd2 33.Qe3 Qd7 34.Qxa7 Rd1 35.a5 Qd2 36.Rxd1
Qxd1+ 37.Ka2 Qd5+ 38.b3 g5 39.c4 Qc6 40.Qb6 Qd7 41.c5 Qd2+

[Event "Aut_chT_0910"]
[Site "Baden"]
[Date "2010.03.27"]
[Round "8"]
[Board "6"]
[White "Haas, Bernhard"]
[Black "Atlas, Dimitry"]
[Result "0-1"]
[WhiteElo "1995"]
[BlackElo "2328"]
[PlyCount "68"]
[EventDate "2009.11.06"]
[EventType "team"]
[EventRounds "11"]
[EventCountry "AUT"]
[WhiteTeam "Husek Wien"]
[BlackTeam "SK Hohenems"]

1.e4 e6 2.d4 d5 3.exd5 exd5 4.Bd3 Bd6 5.Nf3 Nf6 6.Bg5 O-O 7.O-O Bg4 8.Re1 Nbd7
9.Nbd2 Re8 10.c3 c5 11.Qc2 Qb6 12.dxc5 Bxc5 13.Bh4 Bh5 14.h3 Bg6 15.Bxg6 hxg6
16.Bg3 Nh5 17.Bh4 Nf4 18.Nb3 Bd6 19.Qd2 Nf6 20.Bxf6 gxf6 21.Rxe8+ Rxe8 22.Re1
Re4 23.Re3 Kg7 24.Nfd4 a5 25.Rxe4 dxe4 26.Qe3 Bc7 27.a4 f5 28.f3 Nd5 29.Qe2 Qd6
30.fxe4 Qh2+ 31.Kf2 Bg3+ 32.Kf3 Bh4 33.Nxf5+ gxf5 34.exf5 Qf4#

[Event "Aut_chT_0910"]
[Site "Baden"]
[Date "2010.03.28"]
[Round "9"]
[Board "1"]
[White "Boros, Denez"]
[Black "Meier, Georg"]
[Result "1/2-1/2"]
[WhiteElo "2494"]
[BlackElo "2663"]
[PlyCount "139"]
[EventDate "2009.11.06"]
[EventType "team"]
[EventRounds "11"]
[EventCountry "AUT"]
[WhiteTeam "Husek Wien"]
[BlackTeam "Holz Dohr"]

1.e4 e5 2.Nf3 Nc6 3.d4 exd4 4.Nxd4 Nf6 5.Nxc6 bxc6 6.e5 Qe7 7.Qe2 Nd5 8.Nd2 g6
9.c4 Nf4 10.Qe3 Bh6 11.Kd1 O-O 12.Nf3 f6 13.g3 Nh3 14.Qe2 Bxc1 15.Rxc1 d6 16.e6
Qxe6 17.Qxe6+ Bxe6 18.Bxh3 Bxh3 19.Nd4 c5 20.Nb5 c6 21.Nc3 Rfe8 22.Re1 Bf5
23.Kd2 Kf7 24.f3 g5 25.Rxe8 Rxe8 26.Nd1 Be6 27.Rc3 Rb8 28.Kc1 Ke7 29.Ne3 Kd7
30.Ra3 Ra8 31.Kc2 a5 32.Rd3 Kc7 33.Kc1 f5 34.f4 gxf4 35.gxf4 Rg8 36.b3 Bd7
37.Nd1 Rg4 38.Rf3 Rh4 39.h3 d5 40.Ne3 Be6 41.Kd2 a4 42.Kd3 Kd6 43.Ng2 Rh6 44.Rg3
Rf6 45.Rg7 Rf8 46.Ne3 Rb8 47.Kc2 Ra8 48.Kb2 d4 49.Nf1 Re8 50.Rxh7 Rg8 51.Nd2 Rg2
52.Kc2 a3 53.Ra7 Rf2 54.Rxa3 Rxf4 55.Ra5 Rh4 56.a3 Rxh3 57.b4 Rc3+ 58.Kb2 cxb4
59.axb4 Re3 60.Ra6 f4 61.b5 f3 62.b6 c5 63.b7+ Kc7 64.Rb6 Kb8 65.Nb3 Re2+ 66.Ka3
Bxc4 67.Nxc5 Ra2+ 68.Kb4 Rb2+ 69.Ka5 Ra2+ 70.Kb4

[Event "Aut_chT_0910"]
[Site "Baden"]
[Date "2010.03.28"]
[Round "9"]
[Board "2"]
[White "Kuzubov, Yuriy"]
[Black "Mihok, Oliver"]
[Result "1-0"]
[WhiteElo "2634"]
[BlackElo "2403"]
[PlyCount "75"]
[EventDate "2009.11.06"]
[EventType "team"]
[EventRounds "11"]
[EventCountry "AUT"]
[WhiteTeam "Holz Dohr"]
[BlackTeam "Husek Wien"]

1.d4 Nf6 2.c4 e6 3.Nc3 Bb4 4.e3 b6 5.Bd3 Bb7 6.Nf3 Ne4 7.O-O Bxc3 8.bxc3 O-O
9.Ne1 f5 10.f3 Ng5 11.a4 Nc6 12.Rf2 Na5 13.Ba3 Rf6 14.c5 Qe8 15.Bb4 Nc6 16.a5
Nxb4 17.cxb4 bxc5 18.bxc5 Rh6 19.Rb1 Bd5 20.Bf1 Qg6 21.g3 Rf8 22.Bg2 Qh5 23.h4
Nf7 24.e4 Ba8 25.Nd3 g5 26.d5 gxh4 27.g4 Qg5 28.exf5 exf5 29.Rb4 Bxd5 30.f4 Qxg4
31.Qxg4+ fxg4 32.Bxd5 Kg7 33.Re2 g3 34.Kg2 Kf6 35.Kh3 Rg8 36.Bxf7 Kxf7 37.Ne5+
Kf6 38.Nxd7+

[Event "Aut_chT_0910"]
[Site "Baden"]
[Date "2010.03.28"]
[Round "9"]
[Board "4"]
[White "Bischoff, Klaus"]
[Black "Reinwald, Patrick"]
[Result "1-0"]
[WhiteElo "2569"]
[BlackElo "2096"]
[PlyCount "77"]
[EventDate "2009.11.06"]
[EventType "team"]
[EventRounds "11"]
[EventCountry "AUT"]
[WhiteTeam "Holz Dohr"]
[BlackTeam "Husek Wien"]

1.c4 Nf6 2.Nc3 e5 3.Nf3 Nc6 4.d3 d6 5.e3 g6 6.a3 Bg7 7.Qc2 O-O 8.Be2 a5 9.O-O h5
10.Rd1 Nh7 11.d4 Bg4 12.d5 Nb8 13.e4 Na6 14.Rb1 f5 15.h3 Bxf3 16.Bxf3 f4 17.b4
axb4 18.axb4 Qh4 19.Rd3 g5 20.Qd1 Nf6 21.Be2 g4 22.Bf1 Nh7 23.Bd2 Ng5 24.f3 g3
25.Qc2 Rf6 26.Nb5 Rg6 27.Be1 Bf8 28.Ra3 Rc8 29.Qa2 Nf7 30.Ra1 Qd8 31.Na7 Ra8
32.Nc6 Qc8 33.b5 bxc6 34.Rxa6 Rb8 35.bxc6 Ng5 36.Kh1 Rg7 37.Ra8 Re7 38.Rxb8 Qxb8
39.Rb1

[Event "Aut_chT_0910"]
[Site "Baden"]
[Date "2010.03.28"]
[Round "9"]
[Board "6"]
[White "Kosten, Anthony C."]
[Black "Seknicka, Daniel"]
[Result "1-0"]
[WhiteElo "2506"]
[BlackElo "1677"]
[PlyCount "45"]
[EventDate "2009.11.06"]
[EventType "team"]
[EventRounds "11"]
[EventCountry "AUT"]
[WhiteTeam "Holz Dohr"]
[BlackTeam "Husek Wien"]

1.e4 e6 2.d4 d5 3.Nd2 Nf6 4.Bd3 c5 5.c3 Nc6 6.Ngf3 Qb6 7.dxc5 Bxc5 8.O-O Qc7
9.Qe2 O-O 10.e5 Nd7 11.Bxh7+ Kh8 12.Bc2 Ncxe5 13.Nb3 Nxf3+ 14.Qxf3 f5 15.Re1 Nf6
16.Nxc5 Qxc5 17.Be3 Qb5 18.Bd4 Qd7 19.Qf4 Qf7 20.Re3 Kg8 21.Qh4 Ng4 22.Rh3 Nh6
23.Rg3

[Event "Aut_chT_0910"]
[Site "Baden"]
[Date "2010.03.28"]
[Round "9"]
[Board "1"]
[White "Socko, Bartosz"]
[Black "Braun, Arik"]
[Result "1/2-1/2"]
[WhiteElo "2643"]
[BlackElo "2524"]
[PlyCount "36"]
[EventDate "2009.11.06"]
[EventType "team"]
[EventRounds "11"]
[EventCountry "AUT"]
[WhiteTeam "SK Advisory Invest Baden"]
[BlackTeam "SK Hohenems"]

1.e4 c6 2.d4 d5 3.e5 Bf5 4.Nf3 e6 5.Be2 Nd7 6.O-O Bg6 7.Nbd2 a6 8.c4 dxc4 9.Nxc4
Nb6 10.Bg5 Qc7 11.b3 Nd5 12.Rc1 b5 13.Ne3 Nxe3 14.fxe3 Ba3 15.Rc3 Bb4 16.Rc1 Ba3
17.Rc3 Bb4 18.Rc1 Ba3

[Event "Aut_chT_0910"]
[Site "Baden"]
[Date "2010.03.28"]
[Round "9"]
[Board "3"]
[White "Shengelia, Davit"]
[Black "Bezold, Michael"]
[Result "1-0"]
[WhiteElo "2566"]
[BlackElo "2517"]
[PlyCount "55"]
[EventDate "2009.11.06"]
[EventType "team"]
[EventRounds "11"]
[EventCountry "AUT"]
[WhiteTeam "SK Advisory Invest Baden"]
[BlackTeam "SK Hohenems"]

1.d4 d6 2.g3 g6 3.Bg2 Bg7 4.e4 e5 5.Ne2 Nc6 6.Be3 Nf6 7.h3 O-O 8.Nbc3 exd4
9.Nxd4 Bd7 10.O-O Re8 11.Nde2 b5 12.a3 Na5 13.b3 Bc6 14.Qd3 a6 15.Rad1 Nb7 16.b4
Qc8 17.f4 Bd7 18.g4 Be6 19.Nd5 Nd7 20.Bd4 c6 21.Bxg7 Kxg7 22.Ne3 f6 23.Nd4 Bf7
24.e5 d5 25.exf6+ Nxf6 26.Qc3 Kg8 27.g5 Nh5 28.Ng4

[Event "Aut_chT_0910"]
[Site "Baden"]
[Date "2010.03.28"]
[Round "9"]
[Board "4"]
[White "Atlas, Valery"]
[Black "Stohl, Igor"]
[Result "1-0"]
[WhiteElo "2423"]
[BlackElo "2531"]
[PlyCount "43"]
[EventDate "2009.11.06"]
[EventType "team"]
[EventRounds "11"]
[EventCountry "AUT"]
[WhiteTeam "SK Hohenems"]
[BlackTeam "SK Advisory Invest Baden"]

1.e4 e5 2.Nf3 Nf6 3.Nxe5 d6 4.Nf3 Nxe4 5.Nc3 Nxc3 6.dxc3 Be7 7.Be3 O-O 8.Qd2 Nd7
9.O-O-O Ne5 10.h4 Re8 11.h5 Bg4 12.Be2 Qc8 13.Kb1 Bf6 14.Rdg1 h6 15.Nxe5 Rxe5
16.Bf3 Bg5 17.Bxg4 Bxe3 18.Qd1 f5 19.Bh3 Bxf2 20.Rf1 Bh4 21.Qd3 Qe8 22.Qc4+

[Event "Aut_chT_0910"]
[Site "Baden"]
[Date "2010.03.28"]
[Round "9"]
[Board "6"]
[White "Froewis, Georg"]
[Black "Siebrecht, Sebastian"]
[Result "1/2-1/2"]
[WhiteElo "2281"]
[BlackElo "2468"]
[PlyCount "60"]
[EventDate "2009.11.06"]
[EventType "team"]
[EventRounds "11"]
[EventCountry "AUT"]
[WhiteTeam "SK Hohenems"]
[BlackTeam "SK Advisory Invest Baden"]

1.e4 c5 2.Nf3 e6 3.c4 Nc6 4.Nc3 Nf6 5.Be2 d6 6.d4 cxd4 7.Nxd4 Be7 8.O-O O-O
9.Be3 Bd7 10.f4 Re8 11.Bf3 Bf8 12.Ndb5 Qb8 13.c5 dxc5 14.e5 Nd5 15.Nxd5 exd5
16.Bxd5 Be6 17.Bxe6 Rxe6 18.Rc1 b6 19.Qf3 Qb7 20.Rfd1 Rc8 21.Nc3 Rce8 22.Bf2 h6
23.Nd5 Kh8 24.h3 Ne7 25.Rc2 Nxd5 26.Qxd5 Qxd5 27.Rxd5 f6 28.Bg3 fxe5 29.fxe5 Kg8
30.Kf2 Rc8

[Event "Aut_chT_0910"]
[Site "Baden"]
[Date "2010.03.28"]
[Round "9"]
[Board "2"]
[White "Gyimesi, Zoltan"]
[Black "Maiwald, Jens-Uwe"]
[Result "1-0"]
[WhiteElo "2586"]
[BlackElo "2474"]
[PlyCount "95"]
[EventDate "2009.11.06"]
[EventType "team"]
[EventRounds "11"]
[EventCountry "AUT"]
[WhiteTeam "Sparkasse Jenbach"]
[BlackTeam "Mayrhofen/Zillertal"]

1.d4 d5 2.Nf3 Nf6 3.c4 dxc4 4.e3 Bg4 5.Bxc4 e6 6.Nc3 Nc6 7.h3 Bh5 8.Bb5 Bd6 9.e4
Nd7 10.Be3 O-O 11.O-O Nb6 12.Rc1 f5 13.exf5 exf5 14.Bg5 Qc8 15.Bxc6 bxc6 16.Re1
Rf7 17.Qd3 f4 18.Ne5 Qf5 19.Qxf5 Rxf5 20.Bh4 c5 21.Ne4 cxd4 22.Nc6 Rf7 23.Nxd6
cxd6 24.Nxd4 Na4 25.Rc2 h6 26.f3 Rb7 27.b3 Nc5 28.Rd2 Re8 29.Rxe8+ Bxe8 30.Nf5
Rd7 31.Bf2 Bg6 32.Nxd6 Nb7 33.Nc4 Rxd2 34.Nxd2 a6 35.Bd4 Bd3 36.h4 Kf7 37.h5 g5
38.hxg6+ Kxg6 39.Nc4 Kf5 40.Bb6 Bb1 41.a3 h5 42.Kf2 Bc2 43.b4 Bb3 44.Nd2 Bc2
45.Bc7 Bd1 46.Ne4 Bb3 47.Nc3 Bc4 48.Ne2